00258nam a2200097Ia 4500008004100000020001800041100002700059245004000086260002000126300001400146171205s9999 xx 000 0 und d a9781138911550 aLichtenstein, Peter M. aTheories of International Economics bRoutledgec2016 a318 pages